[Event "Benidorm - Aficionados sub-2300 2014"]
[Site "Benidorm ESP"]
[Date "2014.11.28"]
[Round "1.1"]
[White "Schmidt, Ralf"]
[Black "Arias Igual, Alejandro"]
[Result "1-0"]
[WhiteElo "2119"]
[BlackElo "2297"]
[PlyCount "97"]
[EventDate "2014.11.28"]
[EventType "swiss"]
[EventRounds "10"]
[EventCountry "ESP"]
[SourceTitle "Ajedrez en Madrid"]
[Source "lmi"]
[SourceDate "2014.11.28"]

1. e4 c5 2. d3 Nc6 3. g3 e6 4. Bg2 d5 5. Nd2 Nf6 6. Ngf3 Be7 7. O-O O-O 8. Re1
Qc7 9. Qe2 b5 10. e5 Nd7 11. h4 f6 12. exf6 Nxf6 13. Bh3 e5 14. Bxc8 Raxc8 15.
Nxe5 Nd4 16. Qd1 Bd6 17. f4 Nf5 18. Kh2 Bxe5 19. Rxe5 Qd7 20. Nf1 Nxh4 21. gxh4
Ng4+ 22. Kg2 Nxe5 23. fxe5 Rc6 24. Ng3 Qe7 25. Qh5 Rg6 26. Bd2 d4 27. Re1 Qe6
28. b3 c4 29. Re4 cxd3 30. cxd3 h6 31. Qe2 Qd5 32. h5 Ra6 33. Bb4 Rf4 34. Bd6
Rc6 35. Qd2 Rxe4 36. Nxe4 Qf7 37. Ng3 Rc3 38. Ne4 Rc6 39. Ng3 Rc3 40. Bb4 Rc6
41. Qe2 g5 42. Ne4 Qf5 43. Bd6 Rc1 44. Qf2 Qg4+ 45. Ng3 Qe6 46. Qf8+ Kh7 47.
Qf5+ Qxf5 48. Nxf5 Re1 49. Kf2 1-0

[Event "Benidorm - Aficionados sub-2300 2014"]
[Site "Benidorm ESP"]
[Date "2014.11.28"]
[Round "1.2"]
[White "Tejedor Fuente, Enrique"]
[Black "Smirnov, Aleksander"]
[Result "1-0"]
[WhiteElo "2288"]
[BlackElo "2112"]
[PlyCount "97"]
[EventDate "2014.11.28"]
[EventType "swiss"]
[EventRounds "10"]
[EventCountry "ESP"]
[SourceTitle "Ajedrez en Madrid"]
[Source "lmi"]
[SourceDate "2014.11.28"]

1. e4 c5 2. g3 d5 3. exd5 Qxd5 4. Nf3 Bg4 5. Bg2 Nc6 6. O-O Nf6 7. h3 Bd7 8. c3
Qh5 9. Nh2 Qxd1 10. Rxd1 O-O-O 11. d4 Bf5 12. Be3 e6 13. Nf3 Nd5 14. Nbd2 Bc2
15. Rdc1 Bg6 16. Nb3 Nxe3 17. fxe3 cxd4 18. cxd4 Kb8 19. Rxc6 bxc6 20. Ne5 Rd6
21. Nxc6+ Rxc6 22. Bxc6 Bd6 23. Kf2 Rc8 24. Rc1 h5 25. e4 h4 26. g4 f5 27. gxf5
Bg3+ 28. Kg2 exf5 29. e5 Bf7 30. Na5 Bf4 31. Rc5 a6 32. Rc2 Be3 33. b4 Bxd4 34.
Re2 Bh5 35. Re1 Bc3 36. Re3 Bd4 37. Rd3 Bxe5 38. Rd7 Bc7 39. Bd5 Bxa5 40. Rb7+
Ka8 41. Rxg7+ Kb8 42. Rb7+ Ka8 43. Rd7+ Kb8 44. Rb7+ Ka8 45. bxa5 Rc2+ 46. Kf1
Rc5 47. Rb5+ Rxd5 48. Rxd5 Kb7 49. Rxf5 1-0

[Event "Benidorm - Aficionados sub-2300 2014"]
[Site "Benidorm ESP"]
[Date "2014.11.28"]
[Round "1.4"]
[White "Madina Yadarola, Martin"]
[Black "Riquelme Valero, Manuel Damian"]
[Result "1/2-1/2"]
[WhiteElo "2281"]
[BlackElo "2099"]
[PlyCount "84"]
[EventDate "2014.11.28"]
[EventType "swiss"]
[EventRounds "10"]
[EventCountry "ESP"]
[SourceTitle "Ajedrez en Madrid"]
[Source "lmi"]
[SourceDate "2014.11.28"]

1. Nf3 d5 2. b3 c5 3. e3 a6 4. Bb2 Nc6 5. Be2 Nf6 6. O-O Bg4 7. c4 e6 8. cxd5
exd5 9. d4 Be6 10. Nc3 Be7 11. dxc5 Bxc5 12. Na4 Bd6 13. Rc1 O-O 14. Nd4 Ne4
15. Bf3 Ne5 16. Bxe4 dxe4 17. Nxe6 fxe6 18. Bxe5 Bxe5 19. Qg4 Qe7 20. Nc5 Rf5
21. Qxe4 Bxh2+ 22. Kxh2 Rxc5 23. Rxc5 Qxc5 24. Qxb7 Ra7 25. Qb8+ Kf7 26. Kg1
Rd7 27. Qf4+ Qf5 28. Qc4 Qb5 29. Qh4 h6 30. Rc1 Qe5 31. Qc4 a5 32. g3 Rd2 33.
Qc7+ Kf6 34. Qxe5+ Kxe5 35. Rc5+ Ke4 36. Rc7 Rxa2 37. Rxg7 Rb2 38. Rg4+ Kf3 39.
Rf4+ Ke2 40. Ra4 Kf3 41. Rf4+ Ke2 42. Ra4 Kf3 1/2-1/2

[Event "Benidorm - Aficionados sub-2300 2014"]
[Site "Benidorm ESP"]
[Date "2014.11.28"]
[Round "1.5"]
[White "Lalau, Alexandre"]
[Black "Torres Sanchez, Jose"]
[Result "0-1"]
[WhiteElo "2099"]
[BlackElo "2277"]
[PlyCount "68"]
[EventDate "2014.11.28"]
[EventType "swiss"]
[EventRounds "10"]
[EventCountry "ESP"]
[SourceTitle "Ajedrez en Madrid"]
[Source "lmi"]
[SourceDate "2014.11.28"]

1. e4 c5 2. Nf3 Nf6 3. Nc3 d6 4. d4 cxd4 5. Nxd4 Nc6 6. Bc4 e6 7. Bb3 Be7 8.
Be3 a6 9. Qe2 Na5 10. O-O O-O 11. g4 Nxb3 12. axb3 Nd7 13. f4 g6 14. f5 Ne5 15.
h3 Kh8 16. fxe6 fxe6 17. Bh6 Rxf1+ 18. Rxf1 Bd7 19. Qf2 g5 20. Na4 b5 21. Nc3
Qe8 22. Nf5 exf5 23. Nd5 fxe4 24. Nc7 Nf3+ 25. Kg2 Qg6 26. Nxa8 Qxh6 27. Qa7
Qe6 28. Rf2 Qe5 29. Kf1 Qf4 30. Re2 Nh2+ 31. Ke1 Qc1+ 32. Kf2 Qf1+ 33. Ke3 Qf4+
34. Kd4 Bf6+ 0-1

[Event "Benidorm - Aficionados sub-2300 2014"]
[Site "Benidorm ESP"]
[Date "2014.11.28"]
[Round "1.6"]
[White "Vaarala, Eric"]
[Black "Gonzalez Aguirre, Luis"]
[Result "1-0"]
[WhiteElo "2274"]
[BlackElo "2098"]
[PlyCount "95"]
[EventDate "2014.11.28"]
[EventType "swiss"]
[EventRounds "10"]
[EventCountry "ESP"]
[SourceTitle "Ajedrez en Madrid"]
[Source "lmi"]
[SourceDate "2014.11.28"]

1. d4 Nf6 2. c4 e6 3. Nf3 d5 4. Nc3 Bb4 5. Qb3 c5 6. dxc5 Qa5 7. Bd2 Qxc5 8.
cxd5 Nxd5 9. e4 Bxc3 10. bxc3 Nf6 11. e5 Nfd7 12. Be3 Qa5 13. Bb5 O-O 14. O-O
a6 15. Bxd7 Nxd7 16. Qb4 Qxb4 17. cxb4 f6 18. exf6 Nxf6 19. Rac1 Bd7 20. Bc5
Rfe8 21. Ne5 Bb5 22. Rfd1 Nd5 23. a3 Rac8 24. g3 Rc7 25. Bd4 Rec8 26. Rxc7 Rxc7
27. Re1 Rc2 28. Nf3 Bd7 29. Ng5 Rc6 30. Ne4 Rc4 31. Nc5 Bc8 32. Ba1 Kf7 33. Nd3
Rc2 34. Ne5+ Kf8 35. Bd4 b6 36. Nf3 Rc4 37. Ba1 h6 38. Nd4 Kf7 39. Kf1 Nc7 40.
Ke2 Bb7 41. Kd3 Bd5 42. Nf3 Bxf3 43. Kxc4 Bd5+ 44. Kd3 Nb5 45. a4 Nd6 46. Rc1
g6 47. Rc7+ Ke8 48. Be5 1-0

[Event "Benidorm - Aficionados sub-2300 2014"]
[Site "Benidorm ESP"]
[Date "2014.11.28"]
[Round "1.7"]
[White "Nunez Reiz, Antonio"]
[Black "Garcia Trobat, Francisco"]
[Result "1-0"]
[WhiteElo "2094"]
[BlackElo "2272"]
[PlyCount "66"]
[EventDate "2014.11.28"]
[EventType "swiss"]
[EventRounds "10"]
[EventCountry "ESP"]
[SourceTitle "Ajedrez en Madrid"]
[Source "lmi"]
[SourceDate "2014.11.28"]

1. d4 Nf6 2. c4 e6 3. Nc3 Bb4 4. e3 b6 5. Bd3 Bb7 6. f3 c5 7. Nge2 cxd4 8. exd4
d5 9. Bg5 dxc4 10. Bxc4 O-O 11. O-O Nc6 12. a3 Be7 13. Qd2 Rc8 14. Ba2 Nd5 15.
Bxe7 Ncxe7 16. Rfd1 Rc7 17. Rac1 Rd7 18. Ng3 Ng6 19. Bb1 f5 20. Ba2 Ngf4 21.
Re1 Qg5 22. Kh1 Rfd8 23. Re5 Qh4 24. Nxf5 exf5 25. g3 Qg5 26. Nxd5 Bxd5 27.
Bxd5+ Rxd5 28. Rxd5 Rxd5 29. Rc8+ Kf7 30. Rc7+ Kg6 31. gxf4 Qf6 32. Qg2+ Kh6
33. Rc6 Rxd4 1-0

[Event "Benidorm - Aficionados sub-2300 2014"]
[Site "Benidorm ESP"]
[Date "2014.11.28"]
[Round "1.8"]
[White "Olhovik, Andrei"]
[Black "Viñal Gutierrez, Pedro"]
[Result "1-0"]
[WhiteElo "2270"]
[BlackElo "2092"]
[PlyCount "92"]
[EventDate "2014.11.28"]
[EventType "swiss"]
[EventRounds "10"]
[EventCountry "ESP"]
[SourceTitle "Ajedrez en Madrid"]
[Source "lmi"]
[SourceDate "2014.11.28"]

1. d4 e6 2. c4 Nf6 3. Nc3 Bb4 4. e3 O-O 5. Nge2 Re8 6. a3 Bf8 7. e4 d5 8. e5
Ne4 9. Nxe4 dxe4 10. Be3 b6 11. Nc3 Bb7 12. Qg4 Nd7 13. Nxe4 f5 14. exf6 Nxf6
15. Nxf6+ Qxf6 16. Be2 c5 17. Rd1 cxd4 18. Bxd4 Qf5 19. O-O Rad8 20. Bc3 Be4
21. Rxd8 Rxd8 22. Rd1 Qxg4 23. Bxg4 Rxd1+ 24. Bxd1 Bd3 25. Bb3 Kf7 26. Bd4 Bc5
27. Bxc5 bxc5 28. f3 Kf6 29. Kf2 Ke5 30. Ke3 Bf1 31. g3 g5 32. Bc2 Bxc4 33.
Bxh7 a5 34. Bc2 Bd5 35. h4 gxh4 36. gxh4 Kf6 37. Kf4 e5+ 38. Ke3 Be6 39. f4
exf4+ 40. Kxf4 Bf7 41. Bd1 Bc4 42. h5 Bd3 43. Bf3 Bc4 44. Be4 Be6 45. h6 Bf7
46. h7 c4 1-0

[Event "Benidorm - Aficionados sub-2300 2014"]
[Site "Benidorm ESP"]
[Date "2014.11.28"]
[Round "1.11"]
[White "Varga, Mariano"]
[Black "Lopez Del Alamo, Antonio"]
[Result "1-0"]
[WhiteElo "2083"]
[BlackElo "2260"]
[PlyCount "67"]
[EventDate "2014.11.28"]
[EventType "swiss"]
[EventRounds "10"]
[EventCountry "ESP"]
[SourceTitle "Ajedrez en Madrid"]
[Source "lmi"]
[SourceDate "2014.11.28"]

1. d4 Nf6 2. c4 g6 3. Nc3 Bg7 4. e4 d6 5. f4 O-O 6. Nf3 Na6 7. Be2 e5 8. fxe5
dxe5 9. d5 Nc5 10. Bg5 h6 11. Bxf6 Bxf6 12. b4 Nd7 13. O-O Bg7 14. c5 f5 15.
Qb3 Kh7 16. Rad1 f4 17. c6 Nb6 18. a4 a5 19. bxa5 Rxa5 20. Qb4 Ra7 21. a5 Na8
22. Nb5 Ra6 23. cxb7 Bxb7 24. Nc3 Ra7 25. Qc5 Qb8 26. Rb1 Rf6 27. Nxe5 f3 28.
Nxf3 Rfa6 29. Bxa6 Rxa6 30. e5 Qc8 31. Qb5 Ra7 32. Rfd1 Ba6 33. Qb8 Qxb8 34.
Rxb8 1-0

[Event "Benidorm - Aficionados sub-2300 2014"]
[Site "Benidorm ESP"]
[Date "2014.11.28"]
[Round "1.12"]
[White "Sanchez Jerez, Emilio Miguel"]
[Black "Jove Grau, Lluis"]
[Result "1-0"]
[WhiteElo "2258"]
[BlackElo "2077"]
[PlyCount "55"]
[EventDate "2014.11.28"]
[EventType "swiss"]
[EventRounds "10"]
[EventCountry "ESP"]
[SourceTitle "Ajedrez en Madrid"]
[Source "lmi"]
[SourceDate "2014.11.28"]

1. e4 e6 2. d4 d5 3. Nc3 Nf6 4. e5 Nfd7 5. Nce2 c5 6. c3 b6 7. f4 a5 8. Nf3 Ba6
9. g4 Nc6 10. a3 f6 11. Bh3 Qe7 12. O-O h5 13. exf6 gxf6 14. g5 O-O-O 15. Re1
Qf7 16. b4 f5 17. Rb1 Bc4 18. bxc5 bxc5 19. Be3 cxd4 20. Qa4 Ndb8 21. Nexd4 Qd7
22. Nxe6 Qxe6 23. Bd4 Nxd4 24. Nxd4 Qa6 25. Bxf5+ Nd7 26. Re8 Bb5 27. Rxd8+
Kxd8 28. Rxb5 1-0

[Event "Benidorm - Aficionados sub-2300 2014"]
[Site "Benidorm ESP"]
[Date "2014.11.28"]
[Round "1.13"]
[White "Ramos Ferrandiz, Juan Carlos"]
[Black "Jimenez Martinez, Jose Vicente"]
[Result "0-1"]
[WhiteElo "2075"]
[BlackElo "2257"]
[PlyCount "70"]
[EventDate "2014.11.28"]
[EventType "swiss"]
[EventRounds "10"]
[EventCountry "ESP"]
[SourceTitle "Ajedrez en Madrid"]
[Source "lmi"]
[SourceDate "2014.11.28"]

1. d4 g6 2. c4 Bg7 3. Nc3 d6 4. e4 Nf6 5. Nf3 O-O 6. Be2 e5 7. d5 a5 8. Bg5 h6
9. Bh4 Na6 10. Nd2 Qe8 11. O-O Nh7 12. a3 Bd7 13. b3 h5 14. f3 Bh6 15. Bf2 Qe7
16. Rb1 Qg5 17. Rb2 Bh3 18. g3 Bxf1 19. Bxf1 h4 20. b4 hxg3 21. hxg3 axb4 22.
axb4 f5 23. c5 Nf6 24. Nc4 fxe4 25. cxd6 exf3 26. dxc7 Ng4 27. Bh3 Nxf2 28.
Kxf2 Nxc7 29. b5 Qh5 30. Qf1 e4 31. b6 e3+ 32. Nxe3 Bxe3+ 33. Kxe3 Qe5+ 34. Kd2
Nxd5 35. Qc4 Qxc3+ 0-1

[Event "Benidorm - Aficionados sub-2300 2014"]
[Site "Benidorm ESP"]
[Date "2014.11.28"]
[Round "1.14"]
[White "Buenafe Moya, Javier"]
[Black "Besga Lopez, Jose Angel"]
[Result "0-1"]
[WhiteElo "2256"]
[BlackElo "2068"]
[PlyCount "42"]
[EventDate "2014.11.28"]
[EventType "swiss"]
[EventRounds "10"]
[EventCountry "ESP"]
[SourceTitle "Ajedrez en Madrid"]
[Source "lmi"]
[SourceDate "2014.11.28"]

1. c4 f5 2. Nc3 Nf6 3. e4 d6 4. h3 e5 5. exf5 Bxf5 6. g4 Be6 7. Bg2 Nbd7 8. b3
c6 9. d4 d5 10. g5 exd4 11. Qxd4 Bc5 12. Qd2 Ne4 13. Bxe4 dxe4 14. Nxe4 O-O 15.
Nxc5 Nxc5 16. Qxd8 Raxd8 17. Be3 Nd3+ 18. Kf1 b6 19. Ne2 c5 20. h4 Bg4 21. h5
Rde8 0-1

[Event "Benidorm - Aficionados sub-2300 2014"]
[Site "Benidorm ESP"]
[Date "2014.11.28"]
[Round "1.16"]
[White "Gromovs, Sergejs"]
[Black "Lakunza Oyarbide, Juan Carlos"]
[Result "0-1"]
[WhiteElo "2255"]
[BlackElo "2059"]
[PlyCount "110"]
[EventDate "2014.11.28"]
[EventType "swiss"]
[EventRounds "10"]
[EventCountry "ESP"]
[SourceTitle "Ajedrez en Madrid"]
[Source "lmi"]
[SourceDate "2014.11.28"]

1. d4 Nf6 2. Bg5 c5 3. Bxf6 gxf6 4. d5 Qb6 5. b3 Bg7 6. e3 f5 7. c3 Qa5 8. Qd2
b5 9. a3 Bb7 10. Nf3 b4 11. Bc4 bxc3 12. Qc2 e6 13. dxe6 fxe6 14. O-O Be4 15.
Bd3 Bxd3 16. Qxd3 c2 17. Nbd2 Bxa1 18. Rxa1 Qxa3 19. Qc3 c1=Q+ 20. Rxc1 O-O 21.
Nc4 Qb4 22. Qe5 Nc6 23. Qg3+ Kh8 24. Ng5 h6 25. Qh4 Rf6 26. Ne4 Rg6 27. Ned6
Rf8 28. e4 fxe4 29. Qxe4 Rgf6 30. Qe3 Kg7 31. Ne4 Rf4 32. Nxc5 Rd4 33. Nd3 Qxb3
34. Nce5 Rf5 35. g4 Rxe5 36. Nxe5 Rd1+ 37. Rxd1 Qxd1+ 38. Kg2 Qd5+ 39. Nf3 a5
40. h4 e5 41. g5 Nd4 42. Qxe5+ Qxe5 43. gxh6+ Kxh6 44. Nxe5 a4 45. Nc4 Nc2 46.
Kf3 a3 47. Nxa3 Nxa3 48. Ke4 Nb5 49. f4 Nd6+ 50. Ke5 Ne8 51. f5 Kh5 52. f6 Kg6
53. h5+ Kf7 54. h6 d6+ 55. Kd5 Kxf6 0-1

[Event "Benidorm - Aficionados sub-2300 2014"]
[Site "Benidorm ESP"]
[Date "2014.11.28"]
[Round "1.17"]
[White "Mataix Arbona, Cesar"]
[Black "Renteria, Jorge"]
[Result "0-1"]
[WhiteElo "2052"]
[BlackElo "2253"]
[PlyCount "72"]
[EventDate "2014.11.28"]
[EventType "swiss"]
[EventRounds "10"]
[EventCountry "ESP"]
[SourceTitle "Ajedrez en Madrid"]
[Source "lmi"]
[SourceDate "2014.11.28"]

1. d4 Nf6 2. Nf3 g6 3. e3 Bg7 4. Bd3 O-O 5. O-O d6 6. b3 e5 7. Nbd2 Re8 8. dxe5
Nfd7 9. Bb2 Nc6 10. Bb5 Ncxe5 11. Qc1 c6 12. Be2 d5 13. Rd1 Qe7 14. c4 dxc4 15.
Nxc4 Nxc4 16. Bxc4 Bxb2 17. Qxb2 Nb6 18. Qd4 c5 19. Qf4 Nxc4 20. bxc4 Be6 21.
h4 Rad8 22. h5 f6 23. h6 Bf7 24. e4 g5 25. Qe3 Rxd1+ 26. Rxd1 Bxc4 27. e5 Bxa2
28. Qd2 Bf7 29. exf6 Qxf6 30. Nxg5 Qxh6 31. f4 Qf6 32. Qc2 Bg6 33. Qc4+ Kh8 34.
Rd7 b6 35. f5 Re1+ 36. Kf2 Qxf5+ 0-1

[Event "Benidorm - Aficionados sub-2300 2014"]
[Site "Benidorm ESP"]
[Date "2014.11.28"]
[Round "1.18"]
[White "Lloret Ramis, Juan Jose"]
[Black "Fernandez Lozano, Francesc"]
[Result "1-0"]
[WhiteElo "2248"]
[BlackElo "2049"]
[PlyCount "91"]
[EventDate "2014.11.28"]
[EventType "swiss"]
[EventRounds "10"]
[EventCountry "ESP"]
[SourceTitle "Ajedrez en Madrid"]
[Source "lmi"]
[SourceDate "2014.11.28"]

1. c4 f5 2. Nc3 Nf6 3. d3 g6 4. e4 d6 5. g3 Bg7 6. Bg2 c6 7. Nge2 O-O 8. O-O e5
9. h3 Na6 10. Be3 Be6 11. exf5 gxf5 12. f4 Qd7 13. Qd2 Nh5 14. Kh2 Nc7 15. Rad1
a5 16. b3 Bf7 17. Na4 Qe6 18. fxe5 Bxe5 19. d4 Bg7 20. Nf4 Nxf4 21. Bxf4 Rfe8
22. Nb6 Ra6 23. d5 cxd5 24. Nxd5 Nxd5 25. Bxd5 Qd7 26. Rfe1 Raa8 27. Qd3 Be5
28. Qf3 Rab8 29. Re3 Bxf4 30. Qxf4 Rxe3 31. Qxe3 Bxd5 32. Qg5+ Qg7 33. Qxg7+
Kxg7 34. Rxd5 a4 35. Rxd6 axb3 36. axb3 b5 37. c5 b4 38. Rb6 Rc8 39. c6 Kf7 40.
Kg2 h5 41. Kf3 h4 42. gxh4 Kg6 43. Kf4 Rc7 44. h5+ Kxh5 45. Kxf5 Kh4 46. Ke6
1-0

[Event "Benidorm - Aficionados sub-2300 2014"]
[Site "Benidorm ESP"]
[Date "2014.11.28"]
[Round "1.24"]
[White "Bendayan Claros, Aaron"]
[Black "Santos, Jeovani Amaro Dias"]
[Result "1-0"]
[WhiteElo "2233"]
[BlackElo "2044"]
[PlyCount "79"]
[EventDate "2014.11.28"]
[EventType "swiss"]
[EventRounds "10"]
[EventCountry "ESP"]
[SourceTitle "Ajedrez en Madrid"]
[Source "lmi"]
[SourceDate "2014.11.28"]

1. d4 g6 2. c4 Bg7 3. Nc3 c5 4. Nf3 cxd4 5. Nxd4 Nc6 6. Nc2 Bxc3+ 7. bxc3 f5 8.
g3 Nf6 9. Bg2 Qa5 10. Bd2 Qc5 11. Ne3 O-O 12. O-O d6 13. Qb3 Ne4 14. Rad1 Na5
15. Qb4 Be6 16. Nd5 Bxd5 17. cxd5 Qxb4 18. cxb4 Nxd2 19. Rxd2 Nc4 20. Rc2 Rac8
21. Rfc1 Nb6 22. Rc7 Rfd8 23. e4 Kf7 24. f4 Rxc7 25. Rxc7 Rd7 26. Rc2 fxe4 27.
Bh3 Rd8 28. Be6+ Kf6 29. Rc7 Rb8 30. Kf2 Na8 31. Rc2 Nb6 32. Ke3 a5 33. bxa5
Na4 34. Rc8 Rxc8 35. Bxc8 Nc5 36. Bxb7 Nxb7 37. a6 Na5 38. Kd4 e3 39. a7 e5+
40. Kd3 1-0

[Event "Benidorm - Aficionados sub-2300 2014"]
[Site "Benidorm ESP"]
[Date "2014.11.28"]
[Round "1.25"]
[White "Segovia Sanchez, Antonio"]
[Black "Serna Lara, Sergio"]
[Result "0-1"]
[WhiteElo "2043"]
[BlackElo "2230"]
[PlyCount "70"]
[EventDate "2014.11.28"]
[EventType "swiss"]
[EventRounds "10"]
[EventCountry "ESP"]
[SourceTitle "Ajedrez en Madrid"]
[Source "lmi"]
[SourceDate "2014.11.28"]

1. d4 e6 2. Bf4 Nf6 3. e3 c5 4. c3 Nc6 5. Nf3 Nh5 6. Bg5 Qb6 7. Qb3 h6 8. Bh4
g5 9. Bg3 Nxg3 10. hxg3 Bg7 11. dxc5 Qxc5 12. Nbd2 d5 13. Be2 e5 14. Rc1 O-O
15. Nh2 Be6 16. Qa4 f5 17. O-O a6 18. c4 d4 19. Nb3 Qb6 20. exd4 exd4 21. Rfe1
Bf7 22. Nf3 Rad8 23. Bd3 Qb4 24. Qxb4 Nxb4 25. Bxf5 Nxa2 26. Ra1 Bxc4 27. Nbxd4
Rfe8 28. Nc2 Rxe1+ 29. Rxe1 b5 30. Re7 a5 31. Nh2 Rd1+ 32. Ne1 Bxb2 33. Ng4 Kf8
34. Re3 Bd4 35. Re4 Nc3 0-1

[Event "Benidorm - Aficionados sub-2300 2014"]
[Site "Benidorm ESP"]
[Date "2014.11.28"]
[Round "1.28"]
[White "Cappon, John"]
[Black "Pozanco Romasanta, Marc"]
[Result "1-0"]
[WhiteElo "2216"]
[BlackElo "2038"]
[PlyCount "35"]
[EventDate "2014.11.28"]
[EventType "swiss"]
[EventRounds "10"]
[EventCountry "ESP"]
[SourceTitle "Ajedrez en Madrid"]
[Source "lmi"]
[SourceDate "2014.11.28"]

1. e4 c5 2. Nf3 e6 3. c3 Nf6 4. Bd3 d5 5. e5 Nfd7 6. Bc2 Nc6 7. d4 cxd4 8. cxd4
Nb4 9. Bb3 Qa5 10. O-O b6 11. Bd2 Ba6 12. a3 Bxf1 13. Qxf1 Rc8 14. Nc3 Qa6 15.
Nb5 Qb7 16. Bxb4 Nc5 17. dxc5 bxc5 18. Ba4 1-0

[Event "Benidorm - Aficionados sub-2300 2014"]
[Site "Benidorm ESP"]
[Date "2014.11.28"]
[Round "1.39"]
[White "Estevez Jacome, Jose Ramon"]
[Black "Serra Pages, Jordi"]
[Result "0-1"]
[WhiteElo "2009"]
[BlackElo "2182"]
[PlyCount "74"]
[EventDate "2014.11.28"]
[EventType "swiss"]
[EventRounds "10"]
[EventCountry "ESP"]
[SourceTitle "Ajedrez en Madrid"]
[Source "lmi"]
[SourceDate "2014.11.28"]

1. e4 e5 2. Nf3 Nc6 3. Bb5 a6 4. Ba4 Nf6 5. O-O Be7 6. c3 Nxe4 7. Re1 Nf6 8.
Bxc6 dxc6 9. Nxe5 O-O 10. d4 c5 11. Bg5 h6 12. Bh4 a5 13. Na3 cxd4 14. cxd4
Bxa3 15. bxa3 Ra6 16. h3 Rd6 17. Bxf6 Qxf6 18. Qa4 Rd5 19. Rad1 Rfd8 20. Re3
Qd6 21. Nf3 c5 22. Re8+ Kh7 23. Rde1 cxd4 24. Rxd8 Qxd8 25. Re8 Qc7 26. Re1 b5
27. Qd1 d3 28. Qd2 Qc2 29. Kf1 Bf5 30. g4 Bg6 31. Rc1 Qa4 32. Rc3 Qe4 33. Kg2
f5 34. Kg3 f4+ 35. Kg2 Rd6 36. g5 Bh5 37. Qd1 Bxf3+ 0-1

[Event "Benidorm - Aficionados sub-2300 2014"]
[Site "Benidorm ESP"]
[Date "2014.11.28"]
[Round "1.42"]
[White "Uran Bermudez, Oliver Kevin"]
[Black "Ruiz Bellon, Manuel"]
[Result "1-0"]
[WhiteElo "2182"]
[BlackElo "2005"]
[PlyCount "49"]
[EventDate "2014.11.28"]
[EventType "swiss"]
[EventRounds "10"]
[EventCountry "ESP"]
[SourceTitle "Ajedrez en Madrid"]
[Source "lmi"]
[SourceDate "2014.11.28"]

1. c3 g6 2. d4 Bg7 3. e4 d6 4. Nf3 a6 5. Bc4 Nf6 6. Qa4+ c6 7. Qb3 d5 8. exd5
cxd5 9. Bd3 Nc6 10. O-O O-O 11. h3 Qc7 12. Bg5 e5 13. dxe5 Ne4 14. Be3 Nxe5 15.
Nxe5 Qxe5 16. Na3 Ng5 17. Rfe1 Qf6 18. Qxd5 Nxh3+ 19. gxh3 Rd8 20. Bg5 Be6 21.
Qxd8+ Rxd8 22. Bxf6 Bxf6 23. Rad1 Rd5 24. f4 b5 25. Bf1 1-0

[Event "Benidorm - Aficionados sub-2300 2014"]
[Site "Benidorm ESP"]
[Date "2014.11.28"]
[Round "1.48"]
[White "Sanchez Barbado, Carlos"]
[Black "Parals Marce, Luis"]
[Result "0-1"]
[WhiteElo "2173"]
[BlackElo "1972"]
[PlyCount "66"]
[EventDate "2014.11.28"]
[EventType "swiss"]
[EventRounds "10"]
[EventCountry "ESP"]
[SourceTitle "Ajedrez en Madrid"]
[Source "lmi"]
[SourceDate "2014.11.28"]

1. e4 c5 2. Nc3 g6 3. f4 d6 4. Nf3 Nf6 5. g3 b5 6. Qe2 b4 7. Nd1 Bb7 8. Nf2 e6
9. Bg2 Be7 10. O-O O-O 11. b3 a5 12. d3 Nc6 13. a4 Nd4 14. Nxd4 cxd4 15. g4 e5
16. f5 Nd7 17. Bh6 f6 18. Bf3 d5 19. Bg2 Nc5 20. h4 dxe4 21. Nxe4 Bxe4 22. Bxe4
Nxe4 23. Qxe4 Rc8 24. Rf2 Rc5 25. Rg2 Qa8 26. Qe2 Rfc8 27. Ra2 e4 28. dxe4 Re5
29. Bf4 Rxe4 30. Qd2 Qd5 31. Ra1 d3 32. cxd3 Qd4+ 33. Rf2 Rxf4 0-1

[Event "Benidorm - Aficionados sub-2300 2014"]
[Site "Benidorm ESP"]
[Date "2014.11.28"]
[Round "1.56"]
[White "Nieves Cabanes, Javier"]
[Black "Alonso Jimenez, Joan"]
[Result "1-0"]
[WhiteElo "2149"]
[BlackElo "1939"]
[PlyCount "55"]
[EventDate "2014.11.28"]
[EventType "swiss"]
[EventRounds "10"]
[EventCountry "ESP"]
[SourceTitle "Ajedrez en Madrid"]
[Source "lmi"]
[SourceDate "2014.11.28"]

1. d4 Nf6 2. c4 c5 3. d5 e5 4. Nc3 d6 5. g3 Be7 6. Bg2 O-O 7. e4 a6 8. Nge2 Nh5
9. O-O Bg5 10. f4 exf4 11. gxf4 Bf6 12. Kh1 Bg4 13. Qd3 Nd7 14. Ng1 Bd4 15. Bd2
Nhf6 16. Nge2 Bxc3 17. Bxc3 Qe7 18. Ng3 g6 19. Rae1 Nh5 20. Nxh5 Bxh5 21. e5
Bg4 22. Qg3 Bf5 23. Bh3 Bxh3 24. Qxh3 Rae8 25. e6 Nb6 26. f5 fxe6 27. f6 Qf7
28. dxe6 1-0

[Event "Benidorm - Aficionados sub-2300 2014"]
[Site "Benidorm ESP"]
[Date "2014.11.28"]
[Round "1.58"]
[White "Murcia Paredes, Angel"]
[Black "Edwards, Ray B"]
[Result "1-0"]
[WhiteElo "2147"]
[BlackElo "1932"]
[PlyCount "61"]
[EventDate "2014.11.28"]
[EventType "swiss"]
[EventRounds "10"]
[EventCountry "ESP"]
[SourceTitle "Ajedrez en Madrid"]
[Source "lmi"]
[SourceDate "2014.11.28"]

1. e4 c6 2. d4 d5 3. exd5 cxd5 4. c4 Nf6 5. Nc3 e6 6. Nf3 Nc6 7. a3 Be7 8. Be3
O-O 9. c5 b6 10. cxb6 Qxb6 11. Bd3 Ba6 12. Na4 Qb7 13. O-O Bxd3 14. Qxd3 Rab8
15. Rfc1 Rfc8 16. Bf4 Ra8 17. b4 Ne4 18. Rab1 a6 19. Nc5 Nxc5 20. bxc5 Qa7 21.
h3 Bd8 22. Rb2 Na5 23. Rcb1 Bc7 24. Bd2 Rcb8 25. Rxb8+ Rxb8 26. Rxb8+ Qxb8 27.
Bxa5 Bxa5 28. Qxa6 Bc7 29. Qd3 Qb2 30. g3 h6 31. Kg2 1-0

[Event "Benidorm - Aficionados sub-2300 2014"]
[Site "Benidorm ESP"]
[Date "2014.11.29"]
[Round "2.1"]
[White "Goormachtigh, Johan"]
[Black "Tejedor Fuente, Enrique"]
[Result "1-0"]
[WhiteElo "2152"]
[BlackElo "2288"]
[PlyCount "103"]
[EventDate "2014.11.28"]
[EventType "swiss"]
[EventRounds "10"]
[EventCountry "ESP"]
[SourceTitle "Ajedrez en Madrid"]
[Source "lmi"]
[SourceDate "2014.11.28"]

1. d4 Nf6 2. c4 e6 3. Nf3 b6 4. Nc3 Bb7 5. e3 Bb4 6. Bd3 Ne4 7. O-O Bxc3 8.
bxc3 O-O 9. Qc2 f5 10. Nd2 Qh4 11. f3 Ng5 12. Rf2 Rf6 13. f4 Nh3+ 14. gxh3 Rg6+
15. Kf1 Qxh3+ 16. Ke2 Rg1 17. e4 Qh5+ 18. Nf3 fxe4 19. Bxe4 Nc6 20. Rb1 d5 21.
Bxh7+ Kh8 22. Bd3 dxc4 23. Be4 Re8 24. Be3 Rg4 25. Kd2 Rf8 26. Bxc6 Bxc6 27.
Ne5 Rg2 28. Rxg2 Bxg2 29. Ng6+ Kg8 30. Nxf8 Kxf8 31. Rg1 Bd5 32. Kc1 Qf3 33.
Qf2 Qe4 34. Bd2 Qh7 35. f5 exf5 36. Bf4 Be4 37. Qg3 Kf7 38. Bxc7 g6 39. Bd6 Qg8
40. Qe5 Qd8 41. d5 Qd7 42. Qe6+ Qxe6 43. dxe6+ Kf6 44. e7 Bc6 45. Re1 Be8 46.
h4 g5 47. hxg5+ Kxg5 48. Rh1 f4 49. Rh8 Bc6 50. e8=Q Bxe8 51. Rxe8 f3 52. Kd2
1-0